00242nam a2200097Ia 4500008004100000100001400041245003600055250000800091260003700099300000800136191201s2009 xx 000 0 und d aBHARJ, RS 0aIntroduction to NC CNC Machines aRep c2009bSatya PrakashanaNEW DELHI a166